| 000 | 00498nam a2200169Ia 4500 | ||
|---|---|---|---|
| 008 | 230917s9999||||xx |||||||||||||| ||und|| | ||
| 020 | _cGBP24.99 | ||
| 040 |
_e235348 _aMAIN |
||
| 041 | _aEnglish | ||
| 082 | _a394.2 D769E | ||
| 100 | _aDawson, Ruth | ||
| 245 | 0 | _aEvent planning and management: A pratical handbook for Pr and events professionals | |
| 260 |
_aLondon _bKogan Page _c2015 |
||
| 300 | _axv, 310 p. | ||
| 500 | _a2431 18/10/2016 HBD16/1041630 19/10/2016 Main Budget | ||
| 942 | _cBK | ||
| 999 |
_c19580 _d19580 |
||